Harry Potter 7 Part 1 Quotes - Statistics

General Stats
  • This quiz has been taken 106 times
  • The average score is 15 of 26
Answer Stats
Quote Character % Correct
Ron, you don't have a wife. Harry Potter
92%
You didn't just lose a mother that night in Godric's Hollow, you know. I lost a sister. Petunia Dursley
83%
Oh my God. What am I gonna do? My wife's all alone downstairs! Ronald Weasley
82%
I'll have a cappucino. Hermione Granger
80%
What a beautiful place... to be with friends. Dobby
77%
You stupid elf! You could have killed me! Bellatrix Lestrange
76%
Together, they make the Deathly Hallows. Together, they make one master of death. Xenophilius Lovegood
70%
Saint-like. George Weasley
68%
Hey, losers. He isn't here. Neville Longbottom
64%
Seems silly, doesn't it? A wedding. Given everything that's going on. Ginny Weasley
63%
I'm not a thief! You foul little... git! I'm a buyer and purveyor of wondrous objects. Mundingus Fletcher
63%
Cattermole! It's still raining inside my office! Yaxley
60%
The last words that Albus Dumbledore said to the pair of us. Kingsley Shacklebolt
58%
I don't understand. Isn't he coming with us? Dudley Dursley
56%
There. Now he could be sleeping. Luna Lovegood
56%
Just trying to diffuse the tension. Fred Weasley
55%
It will happen Saturday next, at nightfall. Severus Snape
50%
What's wrong with his face? Draco Malfoy
48%
You are not a witch. Dolores Umbridge
45%
Your Ministry remains, strong. Rufus Scrimgeour
42%
I believe you're familiar with this particular brew. Alastor Moody
39%
This isn't just goodbye, boy, is it? This is farewell. Vernon Dursley
39%
Ha! Spoken like a true politician. Lord Voldemort
37%
Hang on, Harry! Rubeus Hagrid
32%
Well, don't just hang in there. Snatch 'em! Scabior
27%
You have nothing to fear, if you have nothing to hide. Pius Thicknese
18%
No matching quizzes found
Score Distribution
Percent of People with Each Score
Percentile by Number Answered
Your Score History
You have not taken this quiz